Регионална библиотека "Любен Каравелов" - Русе

Незабравимите (Запис номер 364108)

MARC детайли
000 -Лидер
Контролно поле с фиксирана дължина 02235nam a2200457 c 4500
003 - Код на организацията, давaща контролен номер
Контролно поле BLK
005 - Дата и час на последна редакция
Контролно поле 20240227005325.0
008 - Елементи от данни с фиксирана дължина
fixed length control field 200311b bul|||||r ||||||| ||bul||
010 ## - Наследен системен номер
LC control number KNG00092005RET
040 ## - Източник на каталожния запис
Идентификатор на билиотеката - собственик на записа BLK
041 ## - Код за език
Код за езика на текст/звукозапис или на отделно заглавие Български
Код за езика КДБФ Български
080 ## - УДК
Текстов определител УДК Българска литература
УДК код - определител по УДК 821.163.2
УДК определител (092)
УДК - код + определител 821.163.2
139 ## - Редно поле
Редна дума Незабравимите
245 10 - Сведения за заглавието
Заглавие Незабравимите
Подзаглавни данни Спомени за бълг. писатели, загинали в борбата против фашизма : Т. 1 -
Редно поле (дума) Ред. кол. Веселин Андреев; Отг. ред. Веселин Андреев; [С предг. от] Веселин Андреев; Под ред., състав. на том Веселин Андреев; Давид Овадия; Добри Жотев; Иван Вандов; Тихомир Тихов.
Том Т. 5
Заглавие на том Кирил Маджаров
257 ## - Страна на издаване
Страна на създаване/издаване България
260 ## - Област на издателските данни
Място на издаване, разпространение и проч. София
Име на издателя, разпространителя и проч. Бълг. писател
Година на издаване 1984
300 ## - Физическа характеристика
Размери/Мащаб 21 см
380 ## - Жанр
Жанр Худож. лит.
500 ## - Общи забележки
Забележка други ред.: Д. Овадия, Д. Жотев, Ив. Вандов, Т. Тихов.
505 ## - Форматирана забележка
Заглавие Марко Ангелов
600 14 - Име на лице, използвано като предмет
За него / За нея Маджаров, Кирил
9 (RLIN) 412341
600 14 - Име на лице, използвано като предмет
За него / За нея Ангелов, Марко
9 (RLIN) 412342
700 1# - Други автори (авторска отговорност)
Лично име Андреев, Веселин
Автороска отговорност (Описва отношението между автора и произведението) ред. кол.
9 (RLIN) 412343
700 1# - Други автори (авторска отговорност)
Лично име Андреев, Веселин
Автороска отговорност (Описва отношението между автора и произведението) отг. ред.
9 (RLIN) 412343
700 1# - Други автори (авторска отговорност)
Лично име Андреев, Веселин
Автороска отговорност (Описва отношението между автора и произведението) [с предг. от]
9 (RLIN) 412343
700 1# - Други автори (авторска отговорност)
Лично име Андреев, Веселин
Автороска отговорност (Описва отношението между автора и произведението) под ред., състав. на том
9 (RLIN) 412343
700 1# - Други автори (авторска отговорност)
Лично име Овадия, Давид
9 (RLIN) 412344
700 ## - Други автори (авторска отговорност)
Лично име Жотев, Добри
Друга информация Поет, писател.
Дати, свързани с автора 1921-1997
Пълна форма на името Димитров, Добри Александров
9 (RLIN) 251874
700 1# - Други автори (авторска отговорност)
Лично име Вандов, Иван
9 (RLIN) 412346
700 1# - Други автори (авторска отговорност)
Лично име Тихов, Тихомир
9 (RLIN) 412347
760 1# - Описание на основната серия
Място на издаване, издател и година 1986
Страници - том 391 с.
Забележка - том 2 110 тир. Подв. 2.62 лв.
Заглавие Т. 3 Кирил Маджаров
852 ## - Местоположение
Форматна сигнатура Цб 128665
856 4# - Електронен адрес и достъп
Електронен формат pdf - файл
Път до файла /url/
856 4# - Електронен адрес и достъп
Електронен формат pdf - файл
Път до файла /url/
999 ## - СИСТЕМНИ КОНТРОЛНИ НОМЕРА
Koha biblionumber 364108
Koha biblioitemnumber 364108
942 ## - АРТИКУЛИ
Вид на библиотечния материал Книги
Скрит в OPAC Не
Периодичен библиозапис Да
944 ## - СЪЗДАВАНЕ И РЕДАКЦИЯ на ЗАПИСА
Създаване/Редакция Създаване
Дата на регистрацията/редакция 2020-05-24
Служител, извършил регистрацията/редакцията
Статус, дата на статуса CRON CRON
999 ## - СИСТЕМНИ КОНТРОЛНИ НОМЕРА
Koha biblioitemnumber 364107
999 ## - СИСТЕМНИ КОНТРОЛНИ НОМЕРА
Koha biblioitemnumber 364106
999 ## - СИСТЕМНИ КОНТРОЛНИ НОМЕРА
Koha biblioitemnumber 364105
999 ## - СИСТЕМНИ КОНТРОЛНИ НОМЕРА
Koha biblioitemnumber 427297
Наличности
Код за отписване Код за изгубен артикул Източник на класификационната схема Код за повреда Код за отдаване Артикулен № Име на библиотеката - собственик Име на библиотеката, в която се намира в момента Статус (Текущо местоположение) Дата на вписване в системата Местоположение - отдел Цена в лева Инвентарен номер Систематично азбучна сигнатура Баркод Цена в евро Служебен тип на артикула
  Не е изгубен Universal Decimal Classification Не е повреден ползва се в читалня 772286 Регионална библиотека "Любен Каравелов" Русе Регионална библиотека "Любен Каравелов" Русе Хранилище 2020-05-27 Хранилище 3.60 540788 Цб 128665 900000012356 1.84 Книги
Vip Innovations Ltd, Rousse, Bulgaria 2025